[Event "Manresa op 31st"]
[Site "Manresa"]
[Date "2014.09.27"]
[Round "2"]
[White "Burniol Coch, Angel"]
[Black "Vila Closa, Albert"]
[Result "1-0"]
[WhiteElo "1811"]
[BlackElo "1711"]
[PlyCount "103"]
[EventDate "2014.09.20"]
[EventType "swiss"]
[EventRounds "8"]
[EventCountry "ESP"]
[SourceTitle "EXT 2016"]
[Source "ChessBase"]
[SourceDate "2015.10.08"]
[SourceVersion "1"]
[SourceVersionDate "2015.10.08"]
[SourceQuality "1"]

1. e4 c5 2. Nc3 Nc6 3. g3 Nf6 4. Bg2 e5 5. d3 h6 6. Nge2 d6 7. Bd2 Be7 8. 0-0 a6 9. a4 0-0 10. h3 Nd4 11. Kh2 Kh7 12. f4 b6 13. fxe5 dxe5 14. Ng1 Be6 15. Nf3 Qd6 16. Ne2 Rad8 17. Be3 Nc6 18. b3 Ne8 19. Nd2 Qc7 20. Nc4 Bxc4 21. bxc4 Nb4 22. Nc3 Nd6 23. Nd5 Nxd5 24. cxd5 g6 25. Qd2 h5 26. c4 f5 27. exf5 Nxf5 28. Be4 h4 29. Bf2 Rf7 30. Qe2 Kg7 31. Qg4 Rh8 32. gxh4 Bxh4 33. Bxh4 Nxh4 34. Rg1 Rf2+ 35. Kh1 Qf7 36. Rab1 Rf4 37. Qg3 Qf6 38. a5 b5 39. cxb5 Rb8 40. b6 c4 41. b7 Qf7 42. Rb6 Rf6 43. Qxe5 cxd3 44. Bxd3 Rxb7 45. Rxa6 Rb3 46. Rxf6 Qxf6 47. Qc7+ Kh6 48. Qc1+ g5 49. Qf1 Qe5 50. Qf8+ Kh5 51. Qf7+ Kh6 52. Qh7# 1-0